000 01332nam a2200349 a 4500
001 000108722
003 CHAP
005 20220329144022.0
008 140306s2012 mx a |sm |||||||spa|d
010 _a105184
011 _a106156
040 _cCHAP
090 _aTesis
100 1 _aMartínez Díaz, Paola Lizbeth
_971992
245 1 0 _aDiseño de una planta embotelladora de agua purificada y formulación de bebidas endulzadas con edulcorantes
_h[En línea]
_cpor Paola Lizbeth Martínez Díaz.
260 _aChapingo, Méx. :
_bEl autor,
_c2012.
500 _aPara ver el contenido del material haga clic en la liga
502 _aTesis (M.C. en Ingeniería Agrícola y Uso Integral del Agua) -- UACH. Posgrado en Ingeiería Agrícola y Uso Integral del Agua
590 _aBATCH-UPD
_b05
_c20140324
_lUCH01
_h1536
590 _aBATCH-UPD
_b05
_c20141002
_lUCH01
_h0857
590 _aE792CSJ
_b05
_c20140306
_lUCH01
_h1009
590 _aE792CSJ
_b05
_c20140306
_lUCH01
_h1009
590 _aE792CSJ
_b05
_c20140306
_lUCH01
_h1012
650 1 4 _aAgua
_xPurificación.
_92397
650 1 4 _aBebidas
_xElaboración.
_9125700
650 1 4 _aDiseño industrial.
_932732
650 1 4 _aEdulcorantes.
_935703
856 _aFinding aid
_uhttp://10.13.5.2/tesis/sist108722.pdf
_zTeclea aquí
901 _aBK
942 _cTESIS
942 _n0
999 _c105184
_d105184